Ethnographies revisited (Record no. 580943)

MARC details
000 -LEADER
fixed length control field 00765nam a2200253Ia 4500
003 - CONTROL NUMBER IDENTIFIER
control field OSt
005 - DATE AND TIME OF LATEST TRANSACTION
control field 20220925224139.0
008 - FIXED-LENGTH DATA ELEMENTS--GENERAL INFORMATION
fixed length control field 220923b |||||||| |||| 00| 0 eng d
020 ## - INTERNATIONAL STANDARD BOOK NUMBER
International Standard Book Number 9780415452212
037 ## - SOURCE OF ACQUISITION
Terms of availability General Book
040 ## - CATALOGING SOURCE
Original cataloging agency RTL
Transcribing agency RTL
Language of cataloging eng
041 ## - LANGUAGE CODE
Source of code eng
Language code of text/sound track or separate title eng
100 ## - MAIN ENTRY--PERSONAL NAME
Personal name PUDDEPHATT Antony J
245 #0 - TITLE STATEMENT
Title Ethnographies revisited
Remainder of title Constructing theory in the field
260 ## - PUBLICATION, DISTRIBUTION, ETC.
Place of publication, distribution, etc. London
Name of publisher, distributor, etc. Routledge
Date of publication, distribution, etc. 2009
300 ## - PHYSICAL DESCRIPTION
Extent xix,326p
Dimensions cm.
700 ## - ADDED ENTRY--PERSONAL NAME
Personal name KLEINKNECHT Steven W
9 (RLIN) 290883
700 ## - ADDED ENTRY--PERSONAL NAME
Personal name SHAFFIR William
9 (RLIN) 290884
942 ## - ADDED ENTRY ELEMENTS (KOHA)
Classification part Y73b4, P9
Koha item type General Books
Source of classification or shelving scheme Colon Classification (CC)
Holdings
Withdrawn status Lost status Damaged status Not for loan Home library Current library Date acquired Total Checkouts Full call number Barcode Date last seen Price effective from Koha item type
        Ratan Tata Library Ratan Tata Library 2022-09-25   Y73b4 P9 RT1584393 2022-09-25 2022-09-25 General Books
Copyright @ Delhi University Library System